000 00295nam a22001337a 4500
008 170511b xxu||||| |||| 00| 0 eng d
020 _a2900735553797
041 _aeng
080 _a34
100 _a15
101 _aSHJ
245 _aTHE LAW OF INTELLECTUAL PROPERTY
_cNARD
942 _2udc
_cBK
999 _c13126
_d13126